Formula 1 - Valtiot joissa on ajettu osakilpailu ÄKKIKUOLEMA - Statistics

Yleistilastot
  • Tätä visaa on pelattu 264 kertaa
  • Keskiarvotulos 23 / 32
Answers on the Grid
Answers color-coded by a green-red scale on the quiz's grid according to % correct below.
Algeria
Argentiina
Australia
Azerbaidzan
Bahrain
Brasilia
Chile
Egypti
Espanja
Etelä-Afrikka
Etelä-Korea
Intia
Irlanti
Italia
Itävalta
Japani
Jugoslavia
Kanada
Kiina
Libya
Malesia
Marokko
Meksiko
Monaco
Norja
Portugali
Puola
Qatar
Ranska
Ruotsi
Saksa
Saudi-Arabia
Singapore
Suomi
Sveitsi
Tanska
Tšekkoslovakia
Tunisia
Turkki
Unkari
Uusi-Seelanti
Venäjä
Vietnam
Viro
Yhdistyneet Arabiemiirikunnat
Yhdistynyt Kuningaskunta
Yhdysvallat
Zimbabwe
 
Vastaustilastot
Vastaus % Oikein
Australia
90%
Brasilia
89%
Japani
88%
Bahrain
87%
Monaco
86%
Espanja
85%
Italia
84%
Azerbaidzan
83%
Saksa
83%
Kiina
81%
Kanada
79%
Itävalta
78%
Meksiko
78%
Qatar
77%
Ranska
76%
Yhdysvallat
76%
Singapore
75%
Argentiina
73%
Malesia
72%
Yhdistynyt Kuningaskunta
72%
Unkari
71%
Venäjä
71%
Saudi-Arabia
70%
Yhdistyneet Arabiemiirikunnat
65%
Etelä-Afrikka
63%
Portugali
63%
Turkki
62%
Etelä-Korea
56%
Intia
48%
Ruotsi
33%
Sveitsi
31%
Marokko
22%
Ehtoja vastaavia visoja ei löytynyt
Tulosjakauma
Jokaisen tuloksen saaneiden osuus
Persentiili vastausten määrän mukaan
Tuloshistoriasi
Et ole pelannut tätä visaa